Particle size distribution in Hevea latex : Some observations on the electron microscopic method (Record no. 64613)

MARC details
000 -LEADER
fixed length control field 00451nam a2200145Ia 4500
100 ## - MAIN ENTRY--AUTHOR NAME
Personal name Gomez J B
245 #0 - TITLE STATEMENT
Title Particle size distribution in Hevea latex : Some observations on the electron microscopic method
260 ## - PUBLICATION, DISTRIBUTION, ETC. (IMPRINT)
Name of publisher Journal of Natural Rubber Research
Year of publication 1989
300 ## - PHYSICAL DESCRIPTION
Number of Pages 204-211
650 ## - SUBJECT ADDED ENTRY--TOPICAL TERM
Topical Term Electron microscopic method
650 ## - SUBJECT ADDED ENTRY--TOPICAL TERM
Topical Term Hevea latex
700 ## - ADDED ENTRY--PERSONAL NAME
Personal name Hamzah Samsidar
942 ## - ADDED ENTRY ELEMENTS (KOHA)
Koha item type Journals
Holdings
Withdrawn status Lost status Damaged status Not for loan Home library Current library Shelving location Date acquired Serial Enumeration / chronology Koha item type
      Journals RRII Library RRII Library Rubber chemistry 17/12/2021 Volume 4, Issue 3 Journals